000 00289nam a22001097a 4500
040 _cSY
082 _a333
100 _aវុន វ៉ារី
245 _aការគ្រប់គ្រង និងអភិរក្សធនធាន
260 _aRUA
_bវុន
_c2011
942 _cKB
999 _c9800
_d9800